000
00187 a2200097 4500
020
_a
9780380818655
041
_a
eng
100
_a
Bockoven, Georgia
245
_a
Another Summer
942
_c
BK
999
_c
7686
_d
7686